ბათუმის შოთა რუსთაველის სახელმწიფო უნივერსიტეტის ბიბლიოთეკა

The Cambridge History of English Romantic Literature (ბიბ.ჩანაწერი № 45278)

000 -LEADER
fixed length control field 00592nam a2200229Ia 4500
001 - CONTROL NUMBER
control field 12102
003 - CONTROL NUMBER IDENTIFIER
control field GE_BSU
008 - FIXED-LENGTH DATA ELEMENTS--GENERAL INFORMATION
fixed length control field 181216s||||||||xx |||||||||||||| ||und||
020 ## - INTERNATIONAL STANDARD BOOK NUMBER
International Standard Book Number 9780521790079
040 ## - CATALOGING SOURCE
Transcribing agency GE_BSU
080 ## - UNIVERSAL DECIMAL CLASSIFICATION NUMBER
Universal Decimal Classification number 821.111.09
245 #4 - TITLE STATEMENT
Title The Cambridge History of English Romantic Literature
245 ## - TITLE STATEMENT
Statement of responsibility, etc. Edited by James Chandler
260 ## - PUBLICATION, DISTRIBUTION, ETC.
Place of publication, distribution, etc. Cambridge
260 ## - PUBLICATION, DISTRIBUTION, ETC.
Name of publisher, distributor, etc. University Press
260 ## - PUBLICATION, DISTRIBUTION, ETC.
Date of publication, distribution, etc. 2009
300 ## - PHYSICAL DESCRIPTION
Extent 782p.24cm.
300 ## - PHYSICAL DESCRIPTION
Accompanying material Bibliogr. p.680-748
653 ## - INDEX TERM--UNCONTROLLED
Uncontrolled term The Cambridge History of English Romantic Literature
942 ## - ADDED ENTRY ELEMENTS (KOHA)
Koha item type წიგნი
ეგზემპლარები
Withdrawn status Lost status Damaged status Not for loan Date acquired Barcode Date last seen Price effective from Koha item type
        2018-12-17 35924 2018-12-17 2018-12-17 წიგნი
        2018-12-17 35925 2018-12-17 2018-12-17 წიგნი